| 000 | 00828nmc a2200289 a 4500 | ||
|---|---|---|---|
| 003 | AR-BaBNM | ||
| 005 | 20251128211646.0 | ||
| 008 | 195020s2002 ||||||||||||||000 | spa|| | ||
| 020 | _a84-7827-272-0 | ||
| 040 | _cAR-BaBNM | ||
| 100 | 1 | _aSalinas, Dino | |
| 245 | 1 | 0 |
_a¡Mañana examen! _bla evaluación : entre la teoría y la realidad |
| 250 | _a1ª ed. | ||
| 260 |
_aBarcelona _bGraó _c2002 |
||
| 300 | 0 | _a124 p. | |
| 490 | 0 |
_aColección Graó. Biblioteca de Aula _v170 |
|
| 504 | _aIncluye bibliografía al final del volumen | ||
| 650 | 4 | _aEVALUACION DEL ALUMNO | |
| 650 | 4 | _aMETODOS DE EVALUACION | |
| 650 | 4 | _aCRITERIOS DE EVALUACION | |
| 650 | 4 | _aTECNICAS DE EVALUACION | |
| 650 | 4 | _aROL DEL DOCENTE | |
| 650 | 4 | _aAPRENDIZAJE | |
| 653 | _aEVALUACION INSTITUCIONAL | ||
| 942 | _cBK | ||
| 998 | _ccalidad | ||
| 999 |
_c20609 _d20609 |
||